ბათუმის შოთა რუსთაველის სახელმწიფო უნივერსიტეტის ბიბლიოთეკა

ფიზიკის ტერმინოლოგია (რუსულ–ქართული ნაწილი) (ბიბ.ჩანაწერი № 44520)

000 -LEADER
fixed length control field 00748nam a2200193Ia 4500
001 - CONTROL NUMBER
control field 11323
003 - CONTROL NUMBER IDENTIFIER
control field GE_BSU
008 - FIXED-LENGTH DATA ELEMENTS--GENERAL INFORMATION
fixed length control field 181216s||||||||xx |||||||||||||| ||und||
040 ## - CATALOGING SOURCE
Transcribing agency GE_BSU
080 ## - UNIVERSAL DECIMAL CLASSIFICATION NUMBER
Universal Decimal Classification number 53(038)
245 ## - TITLE STATEMENT
Title ფიზიკის ტერმინოლოგია (რუსულ–ქართული ნაწილი)
245 ## - TITLE STATEMENT
Statement of responsibility, etc. რედ: ა. გაჩეჩილაძე რ. ღამბაშიძე
260 ## - PUBLICATION, DISTRIBUTION, ETC.
Place of publication, distribution, etc. თბილისი
260 ## - PUBLICATION, DISTRIBUTION, ETC.
Name of publisher, distributor, etc. საქ. მეცნ. აკად. გამ–ბა
260 ## - PUBLICATION, DISTRIBUTION, ETC.
Date of publication, distribution, etc. 1960
300 ## - PHYSICAL DESCRIPTION
Extent 340გვ.22სმ.
653 ## - INDEX TERM--UNCONTROLLED
Uncontrolled term ფიზიკის ტერმინოლოგია (რუსულ–ქართული ნაწილი)
942 ## - ADDED ENTRY ELEMENTS (KOHA)
Koha item type წიგნი
ეგზემპლარები
Withdrawn status Lost status Damaged status Not for loan Date acquired Barcode Date last seen Price effective from Koha item type
        2018-12-17 19726 2018-12-17 2018-12-17 წიგნი